Design and construction of high performance homes : building envelopes, renewable energies and integrated practice (Record no. 547865)

MARC details
000 -LEADER
fixed length control field 02251nam a2200217Ia 4500
008 - FIXED-LENGTH DATA ELEMENTS--GENERAL INFORMATION
fixed length control field 240825s9999 xx 000 0 und d
020 ## - INTERNATIONAL STANDARD BOOK NUMBER
ISBN 9780367509996
Paper back/Hardbound pbk
041 ## - LANGUAGE CODE
Language code of text/sound track or separate title eng
082 ## - DEWEY DECIMAL CLASSIFICATION NUMBER
Classification number 728.047
Item number TRU
100 ## - MAIN ENTRY--AUTHOR NAME
Personal name Trubiano, Franca
245 #0 - TITLE STATEMENT
Title Design and construction of high performance homes : building envelopes, renewable energies and integrated practice
Statement of responsibility, etc / edited by Franca Trubiano.
250 ## - EDITION STATEMENT
Edition statement 1st ed.
260 ## - PUBLICATION, DISTRIBUTION, ETC. (IMPRINT)
Name of publisher : Routledge
Year of publication , 2013.
Place of publication London ; New York
300 ## - PHYSICAL DESCRIPTION
Number of Pages ix, 298 p.
Other physical details : ill. (some col.)
Dimensions ; 24 cm.
500 ## - GENERAL NOTE
General note Reprint 2020.
504 ## - BIBLIOGRAPHY, ETC. NOTE
Bibliography, etc Includes bibliographies and index
520 ## - SUMMARY, ETC.
Summary, etc Both professionals and students are increasingly committed to achieving high-performance metrics in the design, construction and operation of residential buildings. This book responds to this demand by offering a comprehensive guide which features: architectural innovations in building skin technologies which make lighter more transparent buildings high performing ; energy-free architectural design principles and advances in building-integrated photovoltaics ; essential engineering principles, controls and approaches to simulation for achieving net zero ; the advantages of integrated design in residential construction and the challenges and opportunities it engenders ; detailed case studies of innovative homes which have incorporated low-energy design solutions, new materials, alternative building assemblies, digital fabrication, integrated engineering systems and operational controls. Divided into four parts, the book discusses the requisite AEC (Architecture, Engineering and Construction) knowledge needed when building a high-performance home. It also communicates this information across four case studies, which provide the reader with a thorough overview of all aspects to be considered in the design and construction of sustainable homes. With contributions from experts in the field, the book provides a well-rounded and multi-faceted approach. This book is essential reading for students and professionals in design, architecture, engineering (civil, mechanical and electrical), construction and energy management.
650 ## - SUBJECT ADDED ENTRY--TOPICAL TERM
Topical Term Ecological houses--Design and construction.
942 ## - ADDED ENTRY ELEMENTS (KOHA)
Koha item type Reference
Holdings
Withdrawn status Lost status Damaged status Not for loan Home library Current library Shelving location Date acquired Full call number Accession Number Price effective from Koha item type
        Anna Centenary Library Anna Centenary Library 6TH FLOOR, B WING 10.04.2024 728.047 TRU 663997 25.08.2024 Reference

Find us on the map